Practical machine learning : (Record no. 51901)

MARC details
000 -LEADER
fixed length control field 00770nam a2200265Ia 4500
005 - DATE AND TIME OF LATEST TRANSACTION
control field 20260429112020.0
008 - FIXED-LENGTH DATA ELEMENTS--GENERAL INFORMATION
fixed length control field 260429s9999||||xx |||||||||||||| ||und||
020 ## - INTERNATIONAL STANDARD BOOK NUMBER
International Standard Book Number 9781032782164
041 ## - LANGUAGE CODE
Language English
082 ## - DEWEY DECIMAL CLASSIFICATION NUMBER
Classification number 006.31
Item number NYA
100 ## - MAIN ENTRY--PERSONAL NAME
Personal name Nyamawe, Ignatius G.
245 #0 - TITLE STATEMENT
Title Practical machine learning :
Remainder of title a beginner's guide with ethical insights /
Statement of responsibility, etc Ignatius G. Nyamawe
250 ## - EDITION STATEMENT
Edition statement 1st ed.
260 ## - PUBLICATION, DISTRIBUTION, ETC. (IMPRINT)
Place of publication, distribution, etc Boca Raton :
Name of publisher, distributor, etc CRC Press/ Chapman and Hall,
Date of publication, distribution, etc 2025.
300 ## - PHYSICAL DESCRIPTION
Extent xii, 213 p.; hb
650 ## - SUBJECT ADDED ENTRY--TOPICAL TERM
Topical term or geographic name as entry element Artificial intelligence
650 ## - SUBJECT ADDED ENTRY--TOPICAL TERM
Topical term or geographic name as entry element Ethics in AI
650 ## - SUBJECT ADDED ENTRY--TOPICAL TERM
Topical term or geographic name as entry element Machine learning
700 ## - ADDED ENTRY--PERSONAL NAME
Personal name Diwani, Hussein
700 ## - ADDED ENTRY--PERSONAL NAME
Personal name Malyango, Jema
700 ## - ADDED ENTRY--PERSONAL NAME
Personal name Minja, Elia
700 ## - ADDED ENTRY--PERSONAL NAME
Personal name Mjahidi, Hamisi
700 ## - ADDED ENTRY--PERSONAL NAME
Personal name Nnko, Neema
942 ## - ADDED ENTRY ELEMENTS (KOHA)
Koha item type Text Books
Holdings
Withdrawn status Lost status Damaged status Not for loan Collection code Home library Location Shelving location Date of Cataloging Source of acquisition Total Checkouts Full call number Barcode Date last seen Price effective from Koha item type
        Non-fiction CUTN Central Library CUTN Central Library Generalia 29/04/2026 SansRack Publishing Solutions, Chennai - Invoice No. S131/25-26 on 11-02-2026   006.31 NYA 56940 29/04/2026 29/04/2026 Text Books